DNA technology in forensic science /

Bibliographic Details
Corporate Authors: National Research Council (U.S.). Committee on DNA Technology in Forensic Science, NetLibrary, Inc
Format: eBook
Language:English
Published: Washington, D.C. : National Academy Press, 1992.
Subjects:
Online Access:Connect to the full text of this electronic book

MARC

Tag First Indicator Second Indicator Subfields
LEADER 00000cam a2200000 4500
001 in00001590821
005 20220105104143.0
006 m u
007 cr cn|||||||||
008 001006s1992 dcua sb 101 0 eng c
010 |z 92016341 
020 |a 0585002312 (electronic bk.) :  |c $29.95 
020 |z 0309045878 
035 |a 763  |b (N$T) 
035 |a nL763 
040 |a N$T  |c N$T  |d UtOrBLW 
050 1 0 |a RA1057.5  |b .N37 1992eb 
060 1 0 |a W 786 N277d 
082 0 4 |a 614/.1  |2 20 
110 2 |a National Research Council (U.S.).  |b Committee on DNA Technology in Forensic Science.  |0 http://id.loc.gov/authorities/names/n92801945 
245 1 0 |a DNA technology in forensic science /  |c Committee on DNA Technology in Forensic Science, Board on Biology, Commission on Life Sciences, National Research Council. 
264 1 |a Washington, D.C. :  |b National Academy Press,  |c 1992. 
300 |a xiii, 185 pages :  |b illustrations ;  |c 23 cm. 
336 |a text  |b txt  |2 rdacontent 
337 |a computer  |b c  |2 rdamedia 
338 |a online resource  |b cr  |2 rdacarrier 
504 |a Includes bibliographical references and index. 
533 |a Electronic reproduction.  |b Boulder, Colo. :  |c NetLibrary,  |d 1999.  |n Available via World Wide Web.  |n Access may be limited to NetLibrary affiliated libraries. 
500 |a Electronic resource. 
650 0 |a Forensic genetics  |x Congresses. 
650 0 |a DNA fingerprinting  |x Congresses. 
650 2 |a DNA  |x analysis.  |0 https://id.nlm.nih.gov/mesh/D004247Q000032 
650 2 |a Forensic Medicine  |x methods.  |0 https://id.nlm.nih.gov/mesh/D005554Q000379 
655 0 |a Electronic books. 
710 2 |a NetLibrary, Inc.  |0 http://id.loc.gov/authorities/names/no99080690 
776 0 |c Original  |w (DLC) 92016341 
856 4 1 |u https://proxy.library.tamu.edu/login?url=http://www.netLibrary.com/urlapi.asp?action=summary&v=1&bookid=763  |z Connect to the full text of this electronic book  |t 0 
999 |a MARS 
999 f f |s a2228631-0582-3c5c-910c-566851cfa444  |i 6ca6107c-786b-3edd-b276-9c2674f72f11  |t 0 
952 f f |a Texas A&M University  |b College Station  |c Electronic Resources  |d Available Online  |t 0  |e RA1057.5 .N37 1992eb  |h Library of Congress classification 
998 f f |a RA1057.5 .N37 1992eb  |t 0  |l Available Online